Enrique Verdugo Cornejo (Record no. 189940)

MARC details
000 -LEADER
campo de control de longitud fija 00823nam a2200217 i 4500
001 - NÚMERO DE CONTROL
campo de control 189940
003 - IDENTIFICADOR DE NÚMERO DE CONTROL
campo de control ES-MaACL
005 - FECHA Y HORA DE LA ÚLTIMA TRANSACCIÓN
campo de control 20250804110806.0
008 - DATOS DE LONGITUD FIJA--INFORMACIÓN GENERAL
campo de control de longitud fija 200130s2007 sp a |||| |dspa d
100 1# - ENTRADA PRINCIPAL--NOMBRE DE PERSONA
Nombre de persona Verdugo Cornejo, Enrique.
9 (RLIN) 169466
245 10 - MENCIÓN DEL TÍTULO
Título Enrique Verdugo Cornejo
Resto del título : [exposición, Ateneo de Madrid, Sala Santa Catalina, del 6 al 22 de junio 2007].
260 ## - PUBLICACIÓN, DISTRIBUCIÓN, ETC.
Lugar de publicación, distribución, etc. [Madrid :
Nombre del editor, distribuidor, etc. Ateneo de Madrid,
Fecha de publicación, distribución, etc. 2007]
300 ## - DESCRIPCIÓN FÍSICA
Extensión [8] p. :
Otras características físicas principalmente il. col. ;
Dimensiones 21 cm.
600 14 - PUNTO DE ACCESO ADICIONAL DE MATERIA--NOMBRE DE PERSONA
Nombre de persona Verdugo Cornejo, Enrique-
Subdivisión de forma Exposiciones.
9 (RLIN) 169467
610 24 - PUNTO DE ACCESO ADICIONAL DE MATERIA--NOMBRE DE ENTIDAD CORPORATIVA
Nombre de entidad corporativa o nombre de jurisdicción como elemento de entrada Ateneo de Madrid-
Subdivisión de forma Exposiciones-
Subdivisión cronológica 2001-2009
9 (RLIN) 1924
655 #7 - TERMINO DE INDIZACIÓN--GENERO/FORMA
Fuente del término tgfbne
9 (RLIN) 193628
Datos o término principal de género/forma Catálogos de exposiciones
710 2# - ENTRADA AGREGADA--NOMBRE DE ENTIDAD CORPORATIVA
Nombre de entidad corporativa o nombre de jurisdicción como elemento de entrada Ateneo de Madrid.
Unidad subordinada Sala de Santa Catalina.
9 (RLIN) 1964
852 ## - LOCALIZACIÓN
Ubicación ES-MaACL
Número de control de estantería 2186-F-44
942 ## - ELEMENTOS DE ENTRADA SECUNDARIOS (KOHA)
Fuente del sistema de clasificación o colocación Clasificación decimal universal
Holdings
Estatus retirado Estado de pérdida Fuente del sistema de clasificación o colocación Estado de daño No para préstamo Colección Biblioteca de origen Biblioteca actual Ubicación en estantería Fecha de adquisición Total de préstamos Signatura topográfica completa Código de barras Visto por última vez Precio de reemplazo Tipo de ítem Koha
    Clasificación decimal universal     Colección de folletos Biblioteca del Ateneo de Madrid Biblioteca del Ateneo de Madrid Depósito folletos 19/04/2005   2186-F-44 1201502 23/02/2023 23/02/2023 Folleto